Statistics for Countries in Italian

Click here to take the quiz!

General Stats

  • This quiz has been taken 45 times
  • The average score is 18 of 20

Answer Stats

ItalianEnglish% Correct
I lPortogalloPortugal
100%
La SpagnaSpain
98%
Gli Stati UnitiUnited States
98%
La CinaChina
95%
Il MessicoMexico
95%
La SvizzeraSwitzerland
95%
La TurchiaTurkey
95%
Il CiadChad
93%
La DanimarcaDenmark
93%
La SveziaSweden
93%
Il Regno UnitoUnited Kingdom
91%
L'UngheriaHungary
89%
La Costa d'AvorioIvory Coast
89%
La GiamaicaJamaica
89%
Il GiapponeJapan
86%
La GiordaniaJordan
86%
L'EgittoEgypt
82%
La LettoniaLatvia
80%
I Paesi BassiNetherlands
75%
La BirmaniaMyanmar
73%

Score Distribution

Percentile by Number Answered

Percent of People with Each Score

Your Score History

You have not taken this quiz